000 00745nam a22002417a 4500
999 _c1520
_d1520
003 AR-CdUCM
008 190227b ||||| |||| 00| 0 spa d
040 _aMUNICIPALIDAD PROVINCIAL DEL CUSCO
_cBIBLIOTECA MUNICIPAL DEL CUSCO
082 _a869 /
_bR86
100 _aRousseaux, André
_95737
245 _aPanorama de la Literatura del Siglo XX /
260 _aEspaña :
_bEdiciones Guadarrama ;
_c1960.
300 _a839 páginas
_bfotografías
_c21cm
440 _aColección Panoramas
_nX
_95738
505 _aLiteraturas hispánicas
650 _aPoetas
_91966
650 _aIdeas
_95739
650 _aFuentes
_95740
650 _aResistencia
_95741
650 _aNarrativa
_967
942 _2ddc
_cLIBROS
945 _anom
_d2019-02-27